LEADER 01776nam 2200493 a 450 001 9910795854603321 005 20200520144314.0 010 $a0-19-162789-5 010 $a0-19-162790-9 010 $a9786613593962 010 $a1-280-49873-0 035 $a(CKB)24235116100041 035 $a(MiAaPQ)EBC3054515 035 $a(MiAaPQ)EBC7036376 035 $a(Au-PeEL)EBL3054515 035 $a(CaPaEBR)ebr10531080 035 $a(CaONFJC)MIL359396 035 $a(OCoLC)922971150 035 $a(PPN)169260232 035 $a(EXLCZ)9924235116100041 100 $a20111007d2012 uy 0 101 0 $aeng 135 $aur||||||||||| 200 13$aAn introduction to model-based survey sampling with applications$b[electronic resource] /$fRaymond L. Chambers, Robert G. Clark 210 $aOxford ;$aNew York $cOxford University Press$d2012 215 $axiv, 265 p. $cill 225 1 $aOxford statistical science series ;$v37 320 $aIncludes bibliographical references and index. 327 $apt. 1. Basics of model-based survey inference -- pt. 2. Robust model-based survey methods -- pt. 3. Applications of model-based survey inference. 410 0$aOxford statistical science series ;$v37. 606 $aSampling (Statistics)$xMethodology 606 $aSampling (Statistics)$xMathematical models 615 0$aSampling (Statistics)$xMethodology. 615 0$aSampling (Statistics)$xMathematical models. 676 $a519.5/2 700 $aChambers$b R. L$g(Ray L.)$0166179 701 $aClark$b Robert G$0466 801 0$bMiAaPQ 801 1$bMiAaPQ 801 2$bMiAaPQ 906 $aBOOK 912 $a9910795854603321 996 $aAn introduction to model-based survey sampling with applications$93757753 997 $aUNINA LEADER 02425nam 2200601 450 001 9910817250603321 005 20170822144514.0 010 $a1-4704-0431-1 035 $a(CKB)3360000000465014 035 $a(EBL)3114038 035 $a(SSID)ssj0000973575 035 $a(PQKBManifestationID)11553193 035 $a(PQKBTitleCode)TC0000973575 035 $a(PQKBWorkID)10984481 035 $a(PQKB)11785831 035 $a(MiAaPQ)EBC3114038 035 $a(RPAM)13910912 035 $a(PPN)195417186 035 $a(EXLCZ)993360000000465014 100 $a20050324h20052005 uy| 0 101 0 $aeng 135 $aur|n|---||||| 181 $ctxt 182 $cc 183 $acr 200 12$aA generating function approach to the enumeration of matrices in classical groups over finite fields /$fJason Fulman, Peter M. Neumann, Cheryl E. Praeger 210 1$aProvidence, Rhode Island :$cAmerican Mathematical Society,$d[2005] 210 4$dİ2005 215 $a1 online resource (104 p.) 225 1 $aMemoirs of the American Mathematical Society,$x0065-9266 ;$vnumber 830 300 $a"Volume 176, number 830 (second of 4 numbers)." 311 $a0-8218-3706-0 320 $aIncludes bibliographical references. 327 $a""Contents""; ""Chapter 1. Introduction, Tables, and Preliminaries""; ""1.1. Introduction""; ""1.2. Tables""; ""1.3. Preliminaries""; ""Chapter 2. Separable and cyclic matrices in classical groups""; ""2.1. The unitary groups""; ""2.2. The symplectic groups""; ""2.3. The orthogonal groups""; ""Chapter 3. Semisimple and regular matrices in classical groups""; ""3.1. Semisimple matrices""; ""3.2. Regular elements""; ""Bibliography"" 410 0$aMemoirs of the American Mathematical Society ;$vno. 830. 606 $aGenerating functions 606 $aCombinatorial analysis 606 $aLinear algebraic groups 615 0$aGenerating functions. 615 0$aCombinatorial analysis. 615 0$aLinear algebraic groups. 676 $a500 s 676 $a515/.55 700 $aFulman$b Jason$f1971-$01636202 702 $aNeumann$b P. M. 702 $aPraeger$b Cheryl E.$f1948- 801 0$bMiAaPQ 801 1$bMiAaPQ 801 2$bMiAaPQ 906 $aBOOK 912 $a9910817250603321 996 $aA generating function approach to the enumeration of matrices in classical groups over finite fields$93977363 997 $aUNINA